By Car from the Metropolis of Eastern Slovakia Interaries for Motorists

Bibliographic Details
Main Author: Sásik, T. (Author)
Format: Article
Language:Slovak
English
Subjects:

MARC

LEADER 00000nab a2200000 a 4500
001 vtls000917797
003 SK-MaSNL
005 20260319073818.0
008 040720e19920000xo 0 slo
035 |a KE26675 
040 |a KEVKJB  |b slo  |c KEVKJB  |e AACR2 
041 1 |h eng 
044 |a xo  |c SK 
080 |a 908  |2 1981 
100 1 |a Sásik, T.  |4 aut  |9 1018945 
245 1 0 |a By Car from the Metropolis of Eastern Slovakia  |b Interaries for Motorists 
650 0 7 |a krásy prírodné  |2 KEVKJB  |9 1009750 
650 0 7 |a kultúrne pamiatky  |2 KEVKJB  |9 2862 
650 0 7 |a články propagačné  |2 KEVKJB  |9 884549 
651 7 |a Košice (Slovensko)  |2 KEVKJB  |9 18694 
651 7 |a KE,  |2 KEVKJB  |9 877256 
655 7 |a periodikum  |2 snkbucl  |9 29553 
773 0 8 |t Panorama of Slovakia  |g Roč. 28, č.12 (1992), s. 28-29 
852 |a ZVYKNI  |b KIS3GCP 
999 |c 1672429  |d 1674359